Deutsche Polizeigeschichte: eine allgemeine Einführung in die Grundlagen
Literaturverz. S. IX - XVII
| 1. VerfasserIn: | |
|---|---|
| Beteiligte: | |
| Medienart: | Druck Buch |
| Sprache: | Deutsch |
| Veröffentlicht: |
Stuttgart Berlin Köln Mainz
Kohlhammer
1986
|
| In: | Jahr: 1986 |
| Online-Zugang: |
Inhaltsverzeichnis |
| Bestand in Tübingen: | In Tübingen vorhanden. IFK: J I 57 |
| Verfügbarkeit prüfen: | HBZ Gateway |
| Subito Bestelldienst: | Jetzt bestellen. |
| Schlagwörter: |
MARC
| LEADER | 00000cam a2200000 c 4500 | ||
|---|---|---|---|
| 001 | 273553305 | ||
| 003 | DE-627 | ||
| 005 | 20260206192624.0 | ||
| 007 | tu | ||
| 008 | 860507s1986 gw ||||| 00| ||ger c | ||
| 015 | |a 86,N01,0175 |2 dnb | ||
| 015 | |a 86,N01,0175 |2 dnb | ||
| 016 | 7 | |a 860055728 |2 DE-101 | |
| 020 | |a 3170086596 |9 3-17-008659-6 | ||
| 035 | |a (DE-627)273553305 | ||
| 035 | |a (DE-603)004196481 | ||
| 035 | |a (DE-576)010870350 | ||
| 035 | |a (DE-599)GBV273553305 | ||
| 035 | |a (OCoLC)230828787 | ||
| 035 | |a (OCoLC)1039287742 | ||
| 035 | |a (OCoLC)15043905 | ||
| 035 | |a (DE-Rt5)0631276 | ||
| 040 | |a DE-627 |b ger |c DE-627 |e rakwb | ||
| 041 | |a ger | ||
| 044 | |c XA-DE | ||
| 050 | 0 | |a HV8207 | |
| 082 | 0 | |a 363.20943 | |
| 084 | |a POL 970 |2 sfb | ||
| 084 | |a R 645 |2 sfb | ||
| 084 | |a 20 |2 sdnb | ||
| 084 | |a 20 |a 19 |2 sdnb | ||
| 084 | |a NT 6000 |2 rvk |0 (DE-625)rvk/131069: | ||
| 084 | |a PN 211 |2 rvk |0 (DE-625)rvk/137289: | ||
| 084 | |a NW 7500 |2 rvk |0 (DE-625)rvk/132296: | ||
| 084 | |a PN 395 |2 rvk |0 (DE-625)rvk/137474: | ||
| 084 | |a PN 410 |2 rvk |0 (DE-625)rvk/137486: | ||
| 084 | |a 88.17 |2 bkl | ||
| 100 | 1 | |8 1\p |a Harnischmacher, Robert |d 1948- |0 (DE-588)1024524957 |0 (DE-627)719971136 |0 (DE-576)368582612 |4 aut | |
| 109 | |a Harnischmacher, Robert 1948- |a Harnischmacher, Robert F. J. 1948- | ||
| 245 | 1 | 0 | |a Deutsche Polizeigeschichte |b eine allgemeine Einführung in die Grundlagen |c Robert Harnischmacher; Arved Semerak |
| 264 | 1 | |a Stuttgart |a Berlin |a Köln |a Mainz |b Kohlhammer |c 1986 | |
| 300 | |a XVIII, 241 S. |b Ill., graph. Darst. | ||
| 336 | |a Text |b txt |2 rdacontent | ||
| 337 | |a ohne Hilfsmittel zu benutzen |b n |2 rdamedia | ||
| 338 | |a Band |b nc |2 rdacarrier | ||
| 500 | |a Literaturverz. S. IX - XVII | ||
| 520 | |a Literaturverz. S. IX - XVII | ||
| 583 | 1 | |a Archivierung/Langzeitarchivierung gewährleistet |f PEBW |x XA-DE-BW |2 pdager |5 DE-24 | |
| 648 | 7 | |a Geschichte |2 gnd | |
| 650 | 0 | |a Police |z Germany |x History | |
| 650 | 0 | |a Police |z Germany (West) |x History | |
| 650 | 0 | 7 | |0 (DE-588)4115591-9 |0 (DE-627)105813117 |0 (DE-576)209494530 |a Polizeirecht |2 gnd |
| 650 | 0 | 7 | |0 (DE-588)4046595-0 |0 (DE-627)106197525 |0 (DE-576)209070196 |a Polizei |2 gnd |
| 650 | 4 | |a Polizeirecht ; Geschichte | |
| 650 | 4 | |a Deutschland ; Polizei ; Geschichte | |
| 650 | 4 | |a Deutschland <BR> ; Polizei ; Geschichte | |
| 650 | 4 | |a Volkspolizei, Bundesgrenzschutz, Berlin, Entwicklung | |
| 651 | 7 | |0 (DE-588)4011882-4 |0 (DE-627)104704861 |0 (DE-576)208896155 |a Deutschland |2 gnd | |
| 651 | 7 | |0 (DE-588)4011889-7 |0 (DE-627)104732423 |0 (DE-576)208896201 |a Deutschland |g Bundesrepublik |2 gnd | |
| 689 | 0 | 0 | |d s |0 (DE-588)4115591-9 |0 (DE-627)105813117 |0 (DE-576)209494530 |a Polizeirecht |2 gnd |
| 689 | 0 | 1 | |a z |2 gnd |a Geschichte |
| 689 | 0 | |5 DE-101 | |
| 689 | 1 | 0 | |d g |0 (DE-588)4011882-4 |0 (DE-627)104704861 |0 (DE-576)208896155 |a Deutschland |2 gnd |
| 689 | 1 | 1 | |d s |0 (DE-588)4046595-0 |0 (DE-627)106197525 |0 (DE-576)209070196 |a Polizei |2 gnd |
| 689 | 1 | 2 | |a z |2 gnd |a Geschichte |
| 689 | 1 | |5 DE-101 | |
| 689 | 2 | 0 | |d g |0 (DE-588)4011889-7 |0 (DE-627)104732423 |0 (DE-576)208896201 |a Deutschland |g Bundesrepublik |2 gnd |
| 689 | 2 | 1 | |d s |0 (DE-588)4046595-0 |0 (DE-627)106197525 |0 (DE-576)209070196 |a Polizei |2 gnd |
| 689 | 2 | 2 | |a z |2 gnd |a Geschichte |
| 689 | 2 | |5 DE-101 | |
| 689 | 3 | 0 | |d g |0 (DE-588)4011882-4 |0 (DE-627)104704861 |0 (DE-576)208896155 |a Deutschland |2 gnd |
| 689 | 3 | 1 | |d s |0 (DE-588)4046595-0 |0 (DE-627)106197525 |0 (DE-576)209070196 |a Polizei |2 gnd |
| 689 | 3 | 2 | |a z |2 gnd |a Geschichte |
| 689 | 3 | |5 (DE-627) | |
| 700 | 1 | |a Semerak, Arved |0 (DE-588)115720189X |0 (DE-627)1021007668 |0 (DE-576)502735856 |4 oth | |
| 856 | 4 | 2 | |u http://d-nb.info/860055728/04 |m B:DE-101 |q application/pdf |3 Inhaltsverzeichnis |7 1 |
| 856 | 4 | 2 | |u http://scans.hebis.de/HEBCGI/show.pl?00419648_toc.pdf |m V:DE-603;B:DE-17 |q application/pdf |3 Inhaltsverzeichnis |7 1 |
| 883 | |8 1\p |a cgwrk |d 20241001 |q DE-101 |u https://d-nb.info/provenance/plan#cgwrk | ||
| 889 | |w (DE-627)024868531 | ||
| 935 | |i mdedup | ||
| 935 | |i Blocktest | ||
| 936 | r | v | |a NT 6000 |b Allgemeines |k Geschichte |k Allgemeine Rechts-, Verfassungs- und Verwaltungsgeschichte |k Darstellungen zur Rechts-, Verfassungs- und Verwaltungsgeschichte |k Einzelne Staaten und Völker |k Europa |k Deutsche Rechtsgeschichte |k Allgemeines |0 (DE-627)1271081946 |0 (DE-625)rvk/131069: |0 (DE-576)201081946 |
| 936 | r | v | |a PN 211 |b Verwaltungsgeschichte (Gesamtdarstellungen; Einzeldarstellungen bei der jeweiligen Sachposition, soweit vorhanden, sonst hier) |k Rechtswissenschaft |k Verwaltungswissenschaften und Verwaltungsrecht |k Allgemeines und Verwaltungsgeschichte |k Verwaltungsgeschichte (Gesamtdarstellungen; Einzeldarstellungen bei der jeweiligen Sachposition, soweit vorhanden, sonst hier) |0 (DE-627)1271298678 |0 (DE-625)rvk/137289: |0 (DE-576)201298678 |
| 936 | r | v | |a NW 7500 |b Beamte |k Geschichte |k Wirtschafts- und Sozialgeschichte |k Spezielle Sozialgeschichte |k Einzelne Stände und Gesellschaftsgruppen |k Beamte |0 (DE-627)1271540851 |0 (DE-625)rvk/132296: |0 (DE-576)201540851 |
| 936 | r | v | |a PN 395 |b Sachsen-Anhalt |k Rechtswissenschaft |k Verwaltungswissenschaften und Verwaltungsrecht |k Besonderes Verwaltungsrecht |k Recht der öffentlichen Sicherheit und Ordnung |k Polizeiorganisation |k Sachsen-Anhalt |0 (DE-627)1271301563 |0 (DE-625)rvk/137474: |0 (DE-576)201301563 |
| 936 | r | v | |a PN 410 |b Allgemeines |k Rechtswissenschaft |k Verwaltungswissenschaften und Verwaltungsrecht |k Besonderes Verwaltungsrecht |k Recht der öffentlichen Sicherheit und Ordnung |k Sonderorganisation der Polizei |k Allgemeines |0 (DE-627)1271301687 |0 (DE-625)rvk/137486: |0 (DE-576)201301687 |
| 936 | b | k | |a 88.17 |j Ordnungskräfte |0 (DE-627)10641383X |
| 936 | s | n | |a n100 |2 mzub |
| 936 | s | n | |a p100 |2 mzub |
| 936 | s | n | |a m100 |2 mzub |
| 951 | |a BO | ||
| ELC | |b 1 | ||
| LOK | |0 000 xxxxxcx a22 zn 4500 | ||
| LOK | |0 001 3216521796 | ||
| LOK | |0 003 DE-627 | ||
| LOK | |0 004 273553305 | ||
| LOK | |0 005 20020607000000 | ||
| LOK | |0 008 930407||||||||||||||||ger||||||| | ||
| LOK | |0 040 |a DE-21-110 |c DE-627 |d DE-21-110 | ||
| LOK | |0 852 |a DE-21-110 | ||
| LOK | |0 852 1 |c J I 57 |m p |9 00 | ||
| LOK | |0 935 |a k110 | ||
| LOK | |0 936ln |a 4.5.1.1 | ||
| LOK | |0 938 |k p | ||
| LOK | |0 939 |a 07-04-93 |b l01 | ||
| ORI | |a SA-MARC-krimdoka001.raw | ||
| SIG | |a IFK: J I 57 | ||
| TIM | |a 100019901003_100020261231 |b 1990-10-03 - 2026 | ||
